| 000 | 01487cam a22003617a 4500 | ||
|---|---|---|---|
| 005 | 20260322212023.0 | ||
| 008 | data | ||
| 010 | _a 2008295411 | ||
| 020 | _a0743266307 | ||
| 020 | _a9780743266307 | ||
| 040 |
_aBTCTA _cBTCTA _dDLC |
||
| 050 | 0 | 0 |
_aHF5381 _b.L6627 2008 |
| 092 | _a650.14 L6627 2008 | ||
| 100 | 1 | _aLore, Nicholas. | |
| 245 | 1 | 0 |
_aNow what? : _bthe young person's guide to choosing the perfect career / _cNicholas Lore & Anthony Spadafore. |
| 250 | _a1st Fireside trade pbk. ed. | ||
| 260 |
_aNew York : _bFireside, _c2008. |
||
| 300 |
_ax, 337 p. : _bill. ; _c23 cm. |
||
| 650 | 0 | _aVocational guidance. | |
| 650 | 0 | _aVocational interests. | |
| 650 | 0 | _aProfessions. | |
| 650 | 0 | _aOccupations. | |
| 650 | 0 | _aJob satisfaction. | |
| 700 | 1 | _aSpadafore, Anthony. | |
| 856 | 4 | 2 |
_3Publisher description _uhttp://www.loc.gov/catdir/enhancements/fy0835/2008295411-d.html |
| 856 | 4 | 1 |
_3Sample text _uhttp://www.loc.gov/catdir/enhancements/fy0835/2008295411-s.html |
| 856 | 4 | 1 |
_3Table of contents only _uhttp://www.loc.gov/catdir/toc/fy0805/2008295411.html |
| 856 | 4 | 2 |
_3Contributor biographical information _uhttp://www.loc.gov/catdir/enhancements/fy1008/2008295411-b.html |
| 906 |
_a7 _bcbc _ccopycat _d2 _encip _f20 _gy-gencatlg |
||
| 925 | 0 |
_aacquire _b2 shelf copies _xpolicy default |
|
| 001 | data | ||
| 999 |
_c526 _d526 |
||